| 000 | 00586nam a2200217 a 4500 | ||
|---|---|---|---|
| 001 | BRCA_6143 | ||
| 005 | 20190320205340.0 | ||
| 008 | 050711s1918----gw-#######---#000-0#ger-# | ||
| 041 | _ager | ||
| 044 | _agw | ||
| 050 | 4 |
_aPT2638 .N5 _b.C3 1918 |
|
| 100 | 1 |
_aSchnitzler, Arthur _d1862-1931 _915488 |
|
| 245 | 1 | 0 |
_aCasanovas Heimfahrt _cvon Arthur Schnitzler. |
| 260 |
_aBerlĂn _bS. Fischer _c1918 |
||
| 300 |
_a181 p. _c18 cm. |
||
| 500 | _aK33 | ||
| 600 | 1 | 4 |
_aCasanova, Giacomo _d1725-1798 _xNovela _915489 |
| 650 | 1 | 4 |
_aLiteratura austriaca _915490 |
| 902 | _aGFM | ||
| 942 |
_2lcc _cB |
||
| 999 |
_c5830 _d5830 |
||